Children, Human Rights and Temporary Labour Migration (Record no. 30507)

MARC details
000 -LEADER
fixed length control field 00897nam a2200121Ia 4500
008 - FIXED-LENGTH DATA ELEMENTS--GENERAL INFORMATION
fixed length control field 220620s9999||||xx |||||||||||||| ||und||
100 ## - MAIN ENTRY--PERSONAL NAME
Personal name Jayasuriya, Rasika Ramburuth
245 #0 - TITLE STATEMENT
Title Children, Human Rights and Temporary Labour Migration
Remainder of title Protecting the Child-Parent Relationship
546 ## - LANGUAGE NOTE
Language note English[eng]
650 ## - SUBJECT ADDED ENTRY--TOPICAL TERM
Topical term or geographic name entry element Company, commercial and competition law: general||Jurisprudence and general issues||Administrative jurisdiction and public administration||Law: Human rights and civil liberties||Citizenship and nationality law||Family law: children||International law||Employment and labour law: general||Public Law||Industrial arbitration and negotiation||Human rights, civil rights||Central / national / federal government policies||Migration, immigration and emigration||Development studies
856 ## - ELECTRONIC LOCATION AND ACCESS
Uniform Resource Identifier <a href="https://library.oapen.org/bitstream/20.500.12657/49631/1/9781000418729.pdf">https://library.oapen.org/bitstream/20.500.12657/49631/1/9781000418729.pdf</a>
942 ## - ADDED ENTRY ELEMENTS (KOHA)
Koha item type E-Books
Holdings
Withdrawn status Lost status Damaged status Not for loan Home library Current library Date acquired Total Checkouts Date last seen Price effective from Koha item type
        Kerala University of Digital Sciences, Innovation and Technology Knowledge Centre Kerala University of Digital Sciences, Innovation and Technology Knowledge Centre 20/06/2022   20/06/2022 20/06/2022 E-Books